Las 100 ciudades más pobladas de Argentina - Estadísticas

Estadísticas generales
  • Esta prueba ha sido intentada 274 veces
  • La puntuación promedio es 51 de 100
Estadísticas de respuestas
Respuesta Población Total % Correcto
1 Gran Buenos Aires 13.588.222
99%
2 Gran Córdoba 1.454.645
98%
3 Gran Rosario 1.236.089
97%
4 Gran Mendoza 937.154
94%
6 Gran La Plata 787.294
90%
5 Gran San Miguel de Tucumán 794.327
89%
9 Gran Santa Fe 490.171
89%
10 Gran San Juan 461.213
88%
7 Mar del Plata 541.733
86%
8 Gran Salta 539.187
85%
16 Gran San Salvador de Jujuy 310.106
85%
21 Gran San Luis 182.414
84%
14 Neuquén/Plottier/Cipoletti 341.301
84%
17 Gran Bahía Blanca 291.327
83%
31 San Carlos de Bariloche 109.305
81%
19 Formosa 222.226
80%
20 Gran Catamarca 195.055
80%
15 Gran Posadas 319.469
80%
11 Gran Resistencia 385.726
80%
63 Ushuaia 56.593
80%
12 Santiago del Estero/La Banda 358.633
78%
13 Gran Corrientes 346.334
77%
18 Gran Paraná 264.076
75%
22 La Rioja 178.872
75%
29 Gran Santa Rosa 114.486
74%
36 Río Gallegos 95.796
72%
24 Gran Río Cuarto 163.048
71%
52 Viedma 73.322
65%
42 San Martín/La Colonia 88.879
61%
23 Comodoro Rivadavia 175.196
60%
84 Gualeguay 40.507
60%
28 Tandil 116.916
60%
55 Villa Carlos Paz 69.840
59%
48 Puerto Madryn 81.315
58%
27 San Rafael 118.018
58%
94 Río Segundo/Pilar 34.423
57%
78 Río Tercero 46.421
57%
32 Zárate 98.522
57%
43 Junín 87.509
55%
46 Gualeguaychú 82.644
54%
38 Rafaela 92.945
54%
34 Trelew 97.915
53%
26 San Nicolás de los Arroyos 145.857
52%
25 Concordia 149.450
51%
83 Puerto Iguazú 41.062
51%
37 Reconquista/Avellaneda 93.890
51%
49 Venado Tuerto 76.432
51%
66 Azul 55.728
50%
35 Luján 97.363
50%
56 Río Grande 66.475
50%
45 Necochea/Quequén 84.784
49%
41 Olavarría 89.721
47%
44 Campana 86.860
46%
75 San Pedro de Buenos Aires 47.452
46%
59 San Pedro de Jujuy 59.131
46%
64 General Pico 56.795
45%
53 Concepción del Uruguay 72.528
44%
69 Concepción de Tucumán 50.375
44%
65 Mercedes 56.116
44%
97 Mercedes 33.551
44%
33 Villa María/Villa Nueva 98.169
43%
39 Pergamino 91.399
41%
47 General Roca 81.534
40%
95 Chilecito 33.724
39%
54 Goya 77.349
39%
50 San Ramón de la Nueva Orán 76.070
38%
67 Clorinda 52.837
37%
57 Oberá 63.960
37%
96 Chascomús 33.607
36%
76 Tres Arroyos 46.867
36%
30 Villa Mercedes 111.391
36%
87 Balcarce 38.376
35%
51 San Francisco 74.060
35%
61 Chivilcoy 58.152
34%
88 Cosquín/Santa María de Punilla 37.273
34%
98 Trenque Lauquen 33.442
33%
89 Nueve de Julio 36.494
32%
40 Presidencia Roque Sáenz Peña 89.882
32%
68 Caleta Olivia 51.733
31%
58 Tartagal 63.196
29%
74 Jesús María/Colonia Caroya 47.770
28%
86 Chacabuco 38.418
27%
62 Eldorado 57.323
27%
80 Paso de los Libres 43.251
26%
85 Tafí Viejo 39.601
25%
70 Cutral Có/Plaza Huincul 48.637
24%
99 Bragado 33.222
23%
90 La Falda 35.821
23%
91 Casilda 35.058
22%
60 Punta Alta 58.315
22%
79 Perico 44.750
21%
71 Alta Gracia 48.140
20%
92 Curuzú Cuatiá 34.470
20%
81 Esperanza 42.082
20%
73 Villa Dolores/Villa Sarmiento 47.793
20%
93 Bell Ville 34.439
18%
72 Villa Constitución 47.903
18%
77 Libertador General San Martín 46.642
16%
82 Villa Ángela 41.403
15%
100 Centenario 32.928
12%
No se encontraron pruebas coincidentes
Distribución de puntuación
Porcentaje de gente con cada puntuación
Porcentaje por número respondido
Historial de tus puntuaciones
No has intentado esta prueba.